01002nac a22002771i 4500003000900000005001700009008004100026040004300067043001200110082002000122100002800142245004700170264005700217264001000274300004500284336002600329337002800355338002700383504004100410505004200451650004100493655001700534942001200551999001500563952014600578EG-ScBUE20230730123815.0230730t1974 ua a f b 000 0 eng d aEG-ScBUEbengerdacEG-ScBUEdEG-ScBUE af-ua---04a916.22bFAK2221 aFakhry, Ahmed,eauthor.14aThe oases of Egypt /bby Dr. Ahmed Fakhry. 1aCairo :bAmerican University in Cairo Press,c[1974] 4cc1974 axvi, 189 pages :billustrations ;c26 cm 2rdacontentatextbtxt 2rdamediaaunmediatedbn 2rdacarrieravolumebnc aIncludes bibliographical references.2 aVolume 2. Bahriyah and Farafra oases. 7aOaseszEgyptzWestern Desert.2BUEsh vReading book cBB2ddc c3057d3057 00102ddc40708AlahramaMAINbMAINc2NDd2007-03-19ePurchasel1m1o916.22 FAKp000001112r2025-07-15 00:00:00s2011-11-01w2007-03-18yBB